000
00283nam a2200121Ia 4500
100
_a
BPB Publication
942
_c
BK
654
_a
World transistor
245
_a
World transistor equivalents & data A-Z series
260
_b
BPB Publication
_c
1992
546
_a
ENGLISH
999
_c
25843
_d
25843